Přehled technického kreslení : základy kreslení a čtení strojnických výkresů /

Gespeichert in:
Bibliographische Detailangaben
1. Verfasser: Čermák, Václav
Format: Buch
Sprache:Tschechisch
Veröffentlicht: Praha : SNTL - Státní nakladatelství technické literatury, 1964
Ausgabe:3. přepracované vyd.
Schriftenreihe:Kurs technických znalostí
Příruční učební texty svazek 4
Schlagworte:
Online-Zugang: Volltext
Tags: Tag hinzufügen
Keine Tags, Fügen Sie den ersten Tag hinzu!

MARC

LEADER 00000cam a2200000 4500
003 SK-BrCVT
005 20220617222503.0
008 070227s1964 cs e ||||||cze d
035 |a CVTIDW1400654 
040 |b slo  |a CVTI SR  |e AACR2 
041 0 |a cze 
044 |a cs 
080 |a 621.71:744  |2 UDC-MRF 
100 1 |a Čermák, Václav 
245 1 0 |a Přehled technického kreslení :  |b základy kreslení a čtení strojnických výkresů /  |c Václav Čermák 
250 |a 3. přepracované vyd. 
260 |a Praha :  |b SNTL - Státní nakladatelství technické literatury,  |c 1964 
300 |a 91 s. 
490 1 |a Kurs technických znalostí  |3 1390887 
490 1 |a Příruční učební texty  |v svazek 4  |3 0521985 
653 1 |a technické kreslenie  |a strojnícky výkres  |a čítanie výkresu 
760 1 |t Kurs technických znalostí 
760 1 |t Příruční učební texty 
910 |b A193730 
974 |f Knihy 
992 |a APH 
999 |c 151487  |d 151487